Statistiques concernant Harry Potter-LorEnzA

Cliquez ici pour prendre le quiz!

Statistiques générales

  • Ce quiz a été pris 247 fois
  • Le résultat moyen est 33 sur 35

Statistiques - réponses

Hint Answer % Correct
prenom de rogueseverus
100%
prenom de dumbledoralbus
100%
frere jumeau de fredgeorge
100%
pere de harry (prenom et nom)james potter
100%
mere de harry (prenom et nom)lily potter
99%
prenom de hagridrubeus
99%
animagus de mc gonagallchat
98%
elfe des malefoydobby
98%
fils de luciusdrago
98%
patronus harrycerf
98%
chouette de harryhedwige
98%
prenom fondateur serpentardsalazar
98%
hippogriffe de hagridbuck
97%
prenom fondateur gryffondorgodric
97%
profession des parents de hermionedentiste
97%
horcruxeharry potter
97%
horcruxenagini
96%
rat de roncroutard
96%
prenom fondateur poufsoufflehelga
96%
animagus sirius blackchien
96%
patronus lilybiche
96%
prenom fondateur serdaiglerowena
95%
chat de hermionepattenrond
95%
femme de luciusnarcissa
95%
sort impardonable cosant la mortavada kedavra
94%
prenom de lupinremus
94%
prenom du chien de hagridcrockdur
94%
horcruxecoupe de poufsouffle
93%
patronus hermioneloutre
93%
horcruxejournal de tom jedusor
92%
horcruxebague
90%
soeur de dumbledorariana
89%
horcruxediademe de serdaigle
87%
frere de dumbledorabelforth
86%
horcruxemedaillon de serpentard
80%

Distribution des résultats

Percentile by Number Answered

% des personnes avec chaque résultat

Votre développement - résultats

Vous n’avez pas pris ce quiz